<?xml version="1.0" encoding="UTF-8"?>
<collection xmlns="http://www.loc.gov/MARC21/slim">
<record>
  <controlfield tag="001">209729</controlfield>
  <controlfield tag="005">20220812114051.0</controlfield>
  <datafield tag="980" ind1="1" ind2=" ">
    <subfield code="a">FullTexts</subfield>
  </datafield>
  <datafield tag="980" ind1="1" ind2=" ">
    <subfield code="a">GSIasPublisher</subfield>
  </datafield>
  <datafield tag="980" ind1=" " ind2=" ">
    <subfield code="a">report</subfield>
  </datafield>
  <datafield tag="980" ind1=" " ind2=" ">
    <subfield code="a">VDB</subfield>
  </datafield>
  <datafield tag="980" ind1=" " ind2=" ">
    <subfield code="a">book</subfield>
  </datafield>
  <datafield tag="980" ind1=" " ind2=" ">
    <subfield code="a">I:(DE-Ds200)Coll-FAIR-CBM</subfield>
  </datafield>
  <datafield tag="980" ind1=" " ind2=" ">
    <subfield code="a">I:(DE-Ds200)20110830OR102</subfield>
  </datafield>
  <datafield tag="980" ind1=" " ind2=" ">
    <subfield code="a">I:(DE-Ds200)CBM-20080821OR102</subfield>
  </datafield>
  <datafield tag="980" ind1=" " ind2=" ">
    <subfield code="a">I:(DE-Ds200)20121002OR031</subfield>
  </datafield>
  <datafield tag="980" ind1=" " ind2=" ">
    <subfield code="a">I:(DE-Ds200)DTL-20051214OR031</subfield>
  </datafield>
  <datafield tag="980" ind1=" " ind2=" ">
    <subfield code="a">I:(DE-Ds200)20121002OR032</subfield>
  </datafield>
  <datafield tag="980" ind1=" " ind2=" ">
    <subfield code="a">I:(DE-Ds200)EEL-20051214OR032</subfield>
  </datafield>
  <datafield tag="980" ind1=" " ind2=" ">
    <subfield code="a">I:(DE-Ds200)20120319OR030</subfield>
  </datafield>
  <datafield tag="980" ind1=" " ind2=" ">
    <subfield code="a">I:(DE-Ds200)BUD-20051214OR030</subfield>
  </datafield>
  <datafield tag="980" ind1=" " ind2=" ">
    <subfield code="a">I:(DE-Ds200)20120319OR157</subfield>
  </datafield>
  <datafield tag="980" ind1=" " ind2=" ">
    <subfield code="a">I:(DE-Ds200)RED-20051214OR019</subfield>
  </datafield>
  <datafield tag="980" ind1=" " ind2=" ">
    <subfield code="a">I:(DE-Ds200)20110831OR104</subfield>
  </datafield>
  <datafield tag="980" ind1=" " ind2=" ">
    <subfield code="a">UNRESTRICTED</subfield>
  </datafield>
  <datafield tag="980" ind1="1" ind2=" ">
    <subfield code="a">OPAC</subfield>
  </datafield>
  <datafield tag="336" ind1="7" ind2=" ">
    <subfield code="2">DRIVER</subfield>
    <subfield code="a">report</subfield>
  </datafield>
  <datafield tag="336" ind1="7" ind2=" ">
    <subfield code="2">ORCID</subfield>
    <subfield code="a">REPORT</subfield>
  </datafield>
  <datafield tag="336" ind1="7" ind2=" ">
    <subfield code="0">10</subfield>
    <subfield code="2">EndNote</subfield>
    <subfield code="a">Report</subfield>
  </datafield>
  <datafield tag="336" ind1="7" ind2=" ">
    <subfield code="0">PUB:(DE-HGF)3</subfield>
    <subfield code="2">PUB:(DE-HGF)</subfield>
    <subfield code="a">Book</subfield>
    <subfield code="m">book</subfield>
  </datafield>
  <datafield tag="336" ind1="7" ind2=" ">
    <subfield code="2">DataCite</subfield>
    <subfield code="a">Output Types/Report</subfield>
  </datafield>
  <datafield tag="336" ind1="7" ind2=" ">
    <subfield code="0">PUB:(DE-HGF)29</subfield>
    <subfield code="2">PUB:(DE-HGF)</subfield>
    <subfield code="a">Report</subfield>
    <subfield code="b">report</subfield>
    <subfield code="m">report</subfield>
    <subfield code="s">1537518054_30254</subfield>
  </datafield>
  <datafield tag="336" ind1="7" ind2=" ">
    <subfield code="2">BibTeX</subfield>
    <subfield code="a">TECHREPORT</subfield>
  </datafield>
  <datafield tag="700" ind1="1" ind2=" ">
    <subfield code="0">P:(DE-Ds200)OR4746</subfield>
    <subfield code="a">Selyuzhenkov, Ilya</subfield>
    <subfield code="b">1</subfield>
    <subfield code="e">Editor</subfield>
  </datafield>
  <datafield tag="490" ind1="0" ind2=" ">
    <subfield code="a">CBM Progress Report</subfield>
  </datafield>
  <datafield tag="037" ind1=" " ind2=" ">
    <subfield code="a">GSI-2018-00485</subfield>
  </datafield>
  <datafield tag="856" ind1="4" ind2=" ">
    <subfield code="u">http://repository.gsi.de/record/209729/files/CBMProgressReport2017.pdf</subfield>
    <subfield code="y">OpenAccess</subfield>
  </datafield>
  <datafield tag="856" ind1="4" ind2=" ">
    <subfield code="u">http://repository.gsi.de/record/209729/files/CBMProgressReport2017.gif?subformat=icon</subfield>
    <subfield code="x">icon</subfield>
    <subfield code="y">OpenAccess</subfield>
  </datafield>
  <datafield tag="856" ind1="4" ind2=" ">
    <subfield code="u">http://repository.gsi.de/record/209729/files/CBMProgressReport2017.jpg?subformat=icon-1440</subfield>
    <subfield code="x">icon-1440</subfield>
    <subfield code="y">OpenAccess</subfield>
  </datafield>
  <datafield tag="856" ind1="4" ind2=" ">
    <subfield code="u">http://repository.gsi.de/record/209729/files/CBMProgressReport2017.jpg?subformat=icon-180</subfield>
    <subfield code="x">icon-180</subfield>
    <subfield code="y">OpenAccess</subfield>
  </datafield>
  <datafield tag="856" ind1="4" ind2=" ">
    <subfield code="u">http://repository.gsi.de/record/209729/files/CBMProgressReport2017.jpg?subformat=icon-640</subfield>
    <subfield code="x">icon-640</subfield>
    <subfield code="y">OpenAccess</subfield>
  </datafield>
  <datafield tag="856" ind1="4" ind2=" ">
    <subfield code="u">http://repository.gsi.de/record/209729/files/CBMProgressReport2017.pdf?subformat=pdfa</subfield>
    <subfield code="x">pdfa</subfield>
    <subfield code="y">OpenAccess</subfield>
  </datafield>
  <datafield tag="852" ind1="7" ind2=" ">
    <subfield code="2">DE-Ds200</subfield>
    <subfield code="a">GSI/FAIR Library</subfield>
    <subfield code="b">GSI</subfield>
    <subfield code="c">CBM 2017</subfield>
    <subfield code="h">CBM</subfield>
    <subfield code="p">00039994</subfield>
    <subfield code="t">1</subfield>
  </datafield>
  <datafield tag="852" ind1="7" ind2=" ">
    <subfield code="2">DE-Ds200</subfield>
    <subfield code="a">GSI/FAIR Library</subfield>
    <subfield code="b">GSI</subfield>
    <subfield code="c">CBM 2017</subfield>
    <subfield code="h">CBM</subfield>
    <subfield code="p">00040006</subfield>
    <subfield code="t">2</subfield>
  </datafield>
  <datafield tag="915" ind1=" " ind2=" ">
    <subfield code="0">StatID:(DE-HGF)0510</subfield>
    <subfield code="2">StatID</subfield>
    <subfield code="a">OpenAccess</subfield>
  </datafield>
  <datafield tag="915" ind1=" " ind2=" ">
    <subfield code="0">LIC:(DE-HGF)CCBY4</subfield>
    <subfield code="2">HGFVOC</subfield>
    <subfield code="a">Creative Commons Attribution CC BY 4.0</subfield>
  </datafield>
  <datafield tag="914" ind1="1" ind2=" ">
    <subfield code="y">2018</subfield>
  </datafield>
  <datafield tag="910" ind1="1" ind2=" ">
    <subfield code="0">I:(DE-Ds200)20121206GSI</subfield>
    <subfield code="6">P:(DE-HGF)0</subfield>
    <subfield code="a">GSI Helmholtzzentrum für Schwerionenforschung GmbH</subfield>
    <subfield code="b">0</subfield>
    <subfield code="k">GSI</subfield>
  </datafield>
  <datafield tag="910" ind1="1" ind2=" ">
    <subfield code="0">I:(DE-Ds200)20121206GSI</subfield>
    <subfield code="6">P:(DE-Ds200)OR4746</subfield>
    <subfield code="a">GSI Helmholtzzentrum für Schwerionenforschung GmbH</subfield>
    <subfield code="b">1</subfield>
    <subfield code="k">GSI</subfield>
  </datafield>
  <datafield tag="500" ind1=" " ind2=" ">
    <subfield code="a">ccby 4.0 CBM Progress Report 2017 - GSI-2018-00526 Barcode 	Bibliothek 	Sammlung 	Ort 	Beschreibung 	Ausleihfrist 	Status 	Abgabe-Datum 	Option(en)00040006 	GSI/FAIR Library 	Monography 	S CBM 2017 	- 	4 weeks 	available 	- 	00039994 	GSI/FAIR Library 	Monography 	S CBM 2017 	- 	4 weeks 	available 	-</subfield>
  </datafield>
  <datafield tag="088" ind1="1" ind2=" ">
    <subfield code="a">CBM Progress Report 2017</subfield>
  </datafield>
  <datafield tag="088" ind1=" " ind2=" ">
    <subfield code="2">Other</subfield>
    <subfield code="a">CBM Progress Report 2017</subfield>
  </datafield>
  <datafield tag="300" ind1=" " ind2=" ">
    <subfield code="a">V, 214 Seiten : Illustrationen, grafische Darstellungen</subfield>
  </datafield>
  <datafield tag="245" ind1=" " ind2=" ">
    <subfield code="a">CBM Progress Report 2017</subfield>
  </datafield>
  <datafield tag="024" ind1="7" ind2=" ">
    <subfield code="2">datacite_doi</subfield>
    <subfield code="a">10.15120/GSI-2018-00485</subfield>
  </datafield>
  <datafield tag="260" ind1=" " ind2=" ">
    <subfield code="a">Darmstadt</subfield>
    <subfield code="b">GSI Helmholtzzentrum für Schwerionenforschung</subfield>
    <subfield code="c">2018</subfield>
  </datafield>
  <datafield tag="020" ind1=" " ind2=" ">
    <subfield code="a">978-3-9815227-5-4</subfield>
  </datafield>
  <datafield tag="100" ind1="1" ind2=" ">
    <subfield code="0">P:(DE-HGF)0</subfield>
    <subfield code="a">Toia, Alverica</subfield>
    <subfield code="b">0</subfield>
    <subfield code="e">Editor</subfield>
  </datafield>
  <datafield tag="041" ind1=" " ind2=" ">
    <subfield code="a">eng</subfield>
  </datafield>
  <datafield tag="909" ind1="C" ind2="O">
    <subfield code="o">oai:repository.gsi.de:209729</subfield>
    <subfield code="p">openaire</subfield>
    <subfield code="p">open_access</subfield>
    <subfield code="p">VDB</subfield>
    <subfield code="p">driver</subfield>
    <subfield code="p">dnbdelivery</subfield>
  </datafield>
  <datafield tag="536" ind1=" " ind2=" ">
    <subfield code="0">G:(DE-HGF)POF3-612</subfield>
    <subfield code="a">612 - Cosmic Matter in the Laboratory (POF3-612)</subfield>
    <subfield code="c">POF3-612</subfield>
    <subfield code="f">POF III</subfield>
    <subfield code="x">0</subfield>
  </datafield>
  <datafield tag="536" ind1=" " ind2=" ">
    <subfield code="0">G:(DE-Ds200)HGF-IVF-VH-GS-201</subfield>
    <subfield code="a">HGF-IVF-VH-GS-201 - HGS-HIRe : (HGF-IVF-VH-GS-201)</subfield>
    <subfield code="c">HGF-IVF-VH-GS-201</subfield>
    <subfield code="x">1</subfield>
  </datafield>
  <datafield tag="536" ind1=" " ind2=" ">
    <subfield code="0">G:(DE-Ds200)SUC-GSI-HE</subfield>
    <subfield code="a">SUC-GSI-Heidelberg - Strategic university cooperation GSI-U Heidelberg (SUC-GSI-HE)</subfield>
    <subfield code="c">SUC-GSI-HE</subfield>
    <subfield code="x">2</subfield>
  </datafield>
  <datafield tag="536" ind1=" " ind2=" ">
    <subfield code="0">G:(DE-Ds200)SUC-GSI-FR</subfield>
    <subfield code="a">SUC-GSI-Frankfurt - Strategic university cooperation GSI-U Frankfurt/M (SUC-GSI-FR)</subfield>
    <subfield code="c">SUC-GSI-FR</subfield>
    <subfield code="x">3</subfield>
  </datafield>
  <datafield tag="536" ind1=" " ind2=" ">
    <subfield code="0">G:(DE-Ds200)SUC-GSI-DA</subfield>
    <subfield code="a">SUC-GSI-Darmstadt - Strategic university cooperation GSI-TU Darmstadt (SUC-GSI-DA)</subfield>
    <subfield code="c">SUC-GSI-DA</subfield>
    <subfield code="x">4</subfield>
  </datafield>
  <datafield tag="913" ind1="1" ind2=" ">
    <subfield code="0">G:(DE-HGF)POF3-612</subfield>
    <subfield code="1">G:(DE-HGF)POF3-610</subfield>
    <subfield code="2">G:(DE-HGF)POF3-600</subfield>
    <subfield code="3">G:(DE-HGF)POF3</subfield>
    <subfield code="4">G:(DE-HGF)POF</subfield>
    <subfield code="a">DE-HGF</subfield>
    <subfield code="b">Forschungsbereich Materie</subfield>
    <subfield code="l">Materie und Universum</subfield>
    <subfield code="v">Cosmic Matter in the Laboratory</subfield>
    <subfield code="x">0</subfield>
  </datafield>
  <datafield tag="913" ind1="2" ind2=" ">
    <subfield code="0">G:(DE-HGF)POF4-612</subfield>
    <subfield code="1">G:(DE-HGF)POF4-610</subfield>
    <subfield code="2">G:(DE-HGF)POF4-600</subfield>
    <subfield code="3">G:(DE-HGF)POF4</subfield>
    <subfield code="4">G:(DE-HGF)POF</subfield>
    <subfield code="a">DE-HGF</subfield>
    <subfield code="b">Forschungsbereich Materie</subfield>
    <subfield code="l">Matter and the Universe</subfield>
    <subfield code="v">Cosmic Matter in the Laboratory</subfield>
    <subfield code="x">0</subfield>
  </datafield>
  <datafield tag="920" ind1=" " ind2=" ">
    <subfield code="l">yes</subfield>
  </datafield>
  <datafield tag="920" ind1="1" ind2=" ">
    <subfield code="0">I:(DE-Ds200)Coll-FAIR-CBM</subfield>
    <subfield code="k">CBM@FAIR</subfield>
    <subfield code="l">Collaboration FAIR: CBM</subfield>
    <subfield code="x">0</subfield>
  </datafield>
  <datafield tag="920" ind1="1" ind2=" ">
    <subfield code="0">I:(DE-Ds200)CBM-20080821OR102</subfield>
    <subfield code="k">CBM</subfield>
    <subfield code="l">CBM</subfield>
    <subfield code="x">1</subfield>
  </datafield>
  <datafield tag="920" ind1="1" ind2=" ">
    <subfield code="0">I:(DE-Ds200)DTL-20051214OR031</subfield>
    <subfield code="k">DTL</subfield>
    <subfield code="l">Detektorlabor</subfield>
    <subfield code="x">2</subfield>
  </datafield>
  <datafield tag="920" ind1="1" ind2=" ">
    <subfield code="0">I:(DE-Ds200)EEL-20051214OR032</subfield>
    <subfield code="k">EEL</subfield>
    <subfield code="l">Experimentelektronik</subfield>
    <subfield code="x">3</subfield>
  </datafield>
  <datafield tag="920" ind1="1" ind2=" ">
    <subfield code="0">I:(DE-Ds200)BUD-20051214OR030</subfield>
    <subfield code="k">BUD</subfield>
    <subfield code="l">Bibliothek &amp; Dokumentation</subfield>
    <subfield code="x">4</subfield>
  </datafield>
  <datafield tag="920" ind1="1" ind2=" ">
    <subfield code="0">I:(DE-Ds200)RED-20051214OR019</subfield>
    <subfield code="k">RED</subfield>
    <subfield code="l">Forschung FAIR &amp; GSI</subfield>
    <subfield code="x">5</subfield>
  </datafield>
  <datafield tag="920" ind1="1" ind2=" ">
    <subfield code="0">I:(DE-Ds200)20110831OR104</subfield>
    <subfield code="k">FOPI</subfield>
    <subfield code="l">FOPI</subfield>
    <subfield code="x">6</subfield>
  </datafield>
</record>
</collection>